• 首页
  • 本馆介绍
  • 公告通知
  • 最新文献
  • 馆藏检索
  • 电子资源
  • 读者导购
  • 参考咨询
  • 我的图书馆
  • 登录
  • 详细信息显示
  • 放入我的书架
  • 预约/预借图书
  • 作者相关作品
  • 分类相关作品
  • 丛书相关作品
  • 出版社相关作品

书目信息

  • 表格格式
  • 工作单格式
  • 卡片格式
题名:
生物力学的原理与应用
    
 
作者: 刁颖敏 编著
分册:  
出版信息: 上海   同济大学出版社  1991
页数: 320页
开本: 19cm
丛书名:
单 册:
中图分类: Q66
科图分类:
主题词: 生物力学
电子资源:
ISBN: 7-5608-0651-1
000 00553nam0 2200193 45
001 0405250907
005 20040630150053.9
010    @a7-5608-0651-1@dCNY2.35
100    @a20040525d1991 km y0chiy0120 ea
101 0  @achi
105    @a z 000yy
200 1  @a生物力学的原理与应用@ASheng Wu Li Xue De Yuan Li Yu Ying Yong@f刁颖敏编著@FDiao Ying Min Bian Zhu
210    @a上海@c同济大学出版社@d1991
215    @a320页@d19cm
606 0  @a生物力学
690    @aQ66@v3
701  0 @a刁颖敏@4编著
801    @aCN@bTSTCL@c20040525
905    @dQ66@e17@f1@b280875
    
    生物力学的原理与应用/刁颖敏编著.-上海:同济大学出版社,1991
    320页;19cm
    
    
    ISBN 7-5608-0651-1:CNY2.35
    
●
相关链接 在E读中查询图书 在五车中查询图书 在当当中查询图书 在豆瓣中查询图书


正题名:生物力学的原理与应用     索取号:Q66/17         预约/预借

序号 登录号 条形码 馆藏地/架位号 状态 备注
1 0280867   002808670   第三借阅区/ [索取号:Q66/17] 在馆    
2 0280868   002808689   第三借阅区/ [索取号:Q66/17] 在馆    
3 0280869   002808698   第三借阅区/ [索取号:Q66/17] 在馆    
4 0280870   002808705   第三借阅区/ [索取号:Q66/17] 在馆    
5 0280871   002808714   第三借阅区/ [索取号:Q66/17] 在馆    
6 0280872   002808723   第三借阅区/ [索取号:Q66/17] 在馆    
7 0280873   002808732   第三借阅区/ [索取号:Q66/17] 在馆    
8 0280875   002808750   第三借阅区/ [索取号:Q66/17] 在馆    
9 0280876   002808769   第二样本阅览室/ [索取号:Q66/17] 在馆    
唐山师范学院图书馆 欢迎您!
大连网信软件有限公司© 版权所有